Musique Les signes musicaux en image - Statistiques

Statistiques générales
  • Ce quiz a été pris 78 fois
  • Le résultat moyen est 24 sur 70
Statistiques - réponses
Par images Hint Réponse % Correct
De quelle clé s'agit-il ? Clé d'/de {sol}
100%
De quelle clé s'agit-il ? Clé d'/de {fa}
96%
Qu'est ce ? {Bémol}
89%
Qu'est ce ? {Dièse}
87%
Quelle est cette note ? {Blanche}
86%
Quelle est cette note ? {Noire}
81%
Quelle est cette note ? {Croche}
80%
Quelle est cette note ? {Ronde}
79%
De quelle clé s'agit-il ? Clé d'/de {ut}
77%
Quelle mesure est ici indiquée ? Mesure à {2} temps
76%
Quelle mesure est ici indiquée ? Mesure à {4} temps
76%
Quel est ce silence ? {Soupir}
64%
Quelle est cette note ? {Double-croche}
63%
Que signifient cette lettre ? {Forte}
60%
Quel est ce silence ? {Demi-soupir}
59%
Que signifient ces lettres ? {Mezzo forte}
59%
Que signifient cette lettre ? {Piano}
59%
Que signifient ces lettres ? {Mezzo piano}
57%
Quelle est cette note ? {Triple croche}
57%
Qu'est ce ? Un/une {partition}
56%
Que signifient ces lettres ? {Fortissimo}
54%
Que signifie ce dessin ? {Crescendo}
53%
Quelle est cette note ? {Quadruple croche}
53%
Que signifie ce dessin ? {Decrescendo}
50%
Que signifient ces lettres ? {Pianissimo}
50%
Quel est ce silence ? {Pause}
46%
Comment se nomme ce point ? Point d'{orgue}
46%
Que forme ces notes ? Un/une {octave}
46%
Qu'est ce ? Une/une {bécarre}
44%
Quel est ce silence ? {Demi-pause}
43%
Qu'indique le 3 ? Un/une {triolet}
41%
Quel est ce silence ? {Quart-de-soupir}
40%
De quel pays vient cette notation ? {Chine} ancienne
30%
Que signifie ces lettres ? {Da} {Capo}
29%
Que signifient ces lettres ? {Fortississimo}
29%
Qu'indique le 2 ? Un/une {duolet}
29%
Quel ornement figure ici ? Un/une {trille}
29%
Que signifient ces lettres ? {Pianississimo}
27%
Quel est ce silence ? {Huitième de soupir}
26%
Que signifient ces lettres ? {Sforzando}
17%
Comment se nomme la partie bleue ? La {hampe}
16%
Que signifie de double trait ? {Répétition}
16%
Qu'indique le 5 ? Un/une {quintolet}
16%
Que représente ce signe ? Baton de {mesure}
14%
De quel pays vient cette notation ? {Chine} actuelle
14%
Qu'indique le 7 ? Un/une {septolet}
14%
Qu'indique le 6 ? Un/une {sextolet}
14%
Comment se nomme la partie rouge ? Le {crochet}
13%
Cette note doit se jouer... {Staccato}
11%
Quel est l'ornement représenté sur les 2 premières lignes ? Un/une {mordant}
11%
Comment se nomme ce système de notation ? Les {neumes}
10%
Comment se nomme la partie verte ? La {tête} de {note}
9%
Que signifie ces barres qui coupent les notes ? {Trémolo}
9%
Qu'est ce ? Un/une {grupetto}
9%
Que signifie ce signe ? {Segno}
6%
Qu'indique le 4 ? Un/une {quartolet} ou 2 {duolets}
6%
Différentes manière de noter une {carrée}
4%
De quel pays vient cette notation ? {Arménie}
3%
Cette note doit se jouer... {Staccatissimo}
3%
Cette note doit se jouer... {Tenuto}
3%
Illustration d'un/une {appogiature} {courte}
1%
Illustration d'un/une {appogiature} {longue}
1%
Quel est ce signe qui relie deux notes ? {Liaison} de {prolongation}
1%
Comment se nomme ce point ? Point de {prolongation}
1%
Comment se nomme ce signe vertical ? {Barre} de {répétition}
0%
Que représente ce carré ? {Baton} de {pause}
0%
Quel est ce silence ? {Huitième de soupir}
0%
Ces notes sont... {ligaturées}
0%
Ces notes doivent se jouer... {Marcato}
0%
Cette note doit se jouer... {Martellato}
0%
Aucun quiz correspondant
Distribution des résultats
% des personnes avec chaque résultat
Percentile par nombre de réponses
Votre historique - résultats
Vous n’avez pas pris ce quiz